BOOKLYST MASTER BUSINESS STUDIESD GRADE 10 (Record no. 216748)

MARC details
000 -LEADER
fixed length control field 00525nam a22001697a 4500
008 - FIXED-LENGTH DATA ELEMENTS--GENERAL INFORMATION
fixed length control field 260303b |||||||| |||| 00| 0 eng d
020 ## - INTERNATIONAL STANDARD BOOK NUMBER
International Standard Book Number 978-9914-51-171-0
050 ## - LIBRARY OF CONGRESS CALL NUMBER
Classification number HF 1141 .C 44 2025
100 ## - MAIN ENTRY--PERSONAL NAME
Personal name CHEPKWONY, NAOMI
245 ## - TITLE STATEMENT
Title BOOKLYST MASTER BUSINESS STUDIESD GRADE 10
260 ## - PUBLICATION, DISTRIBUTION, ETC.
Place of publication, distribution, etc. NAIROBI,
Name of publisher, distributor, etc. BOOKLYST PRESS LIMITED,
Date of publication, distribution, etc. 2025
300 ## - PHYSICAL DESCRIPTION
Extent 228 P , ILL
650 ## - SUBJECT ADDED ENTRY
Topical term or geographic name entry element BUSINESS STUDIES- STUDY AND TEACHING (SECONDARY)
700 ## - ADDED ENTRY--PERSONAL NAME
Personal name OWINO, NOBERT BUNDE, BERYL
942 ## - ADDED ENTRY ELEMENTS (KOHA)
Source of classification or shelving scheme Library of Congress Classification
Koha item type Long Loan Book
Holdings
Withdrawn status Lost status Source of classification or shelving scheme Damaged status Not for loan Collection Home library Current library Shelving location Date acquired Inventory number Total checkouts Full call number Barcode Date last seen Copy number Price effective from Koha item type
    Library of Congress Classification     Business & Economics Kisii University Library Kisii University Library On Display 03/03/2026 112332   HF 1141 .C44 2025 A000345 03/03/2026 1 03/03/2026 Long Loan Book
    Library of Congress Classification     Business & Economics Kisii University Library Kisii University Library On Display 03/03/2026 112333   HF 1141 .C44 2025 A000348 03/03/2026 2 03/03/2026 Long Loan Book
    Library of Congress Classification     Business & Economics Kisii University Library Kisii University Library On Display 03/03/2026 112334   HF 1141 .C44 2025 A000347 03/03/2026 3 03/03/2026 Long Loan Book
    Library of Congress Classification     Business & Economics Kisii University Library Kisii University Library On Display 03/03/2026 112335   HF 1141 .C44 2025 A000350 03/03/2026 4 03/03/2026 Long Loan Book
    Library of Congress Classification     Business & Economics Kisii University Library Kisii University Library On Display 03/03/2026 112336   HF 1141 .C44 2025 A000349 03/03/2026 5 03/03/2026 Long Loan Book